[Event "KP MKSS 23/24, Ostrava-Opava"]
[Site ""]
[Date "2024.04.14"]
[Round "11.1"]
[White "Didi, Jan"]
[Black "Jasso, Matej"]
[Result "1/2-1/2"]
[WhiteFideId "312428"]
[BlackFideId "23710748"]
[WhiteElo "1981"]
[BlackElo "2060"]
[PlyCount "0"]
[WhiteTeam "TJ Ostrava B"]
[BlackTeam "Slezan Opava A"]
[EventDate "2023.10.22"]

1. e4 c5 2. Nf3 d6 3. d4 cxd4 4. Nxd4 Nf6 5. Nc3 a6 6. a4 e5 7. Nf3 Qc7 8. Bg5
Nbd7 9. Bd3 b6 10. O-O Bb7 11. Qe2 h6 12. Bxf6 Nxf6 13. Rad1 Be7 14. Nd2 O-O
15. Nc4 Qc5 16. Ne3 Qb4 17. Nf5 Rfe8 18. Bc4 Rac8 19. Bxa6 Bxa6 20. Qxa6 Rc5
21. Nxe7+ Rxe7 22. Rxd6 Qxb2 23. Nd5 Nxd5 24. exd5 Rxc2 25. Rd8+ Kh7 26. d6 Re6
27. d7 Rd6 28. Qa8 Rc1 29. g3 Rd2 30. Rh8+ Kg6 31. d8=Q Rxf1+ 32. Kxf1 Rxf2+
33. Kg1 Qe2 34. Qc6+ f6 35. Qde8+ Kg5 36. h4+ Kg4 37. Qg6+ Kh3 38. Qh1+ Rh2 39.
Qf5+ Kxg3 40. Qg6+ Kh3 41. Qf5+ Kg3 42. Qg6+ Kh3 43. Qf5+ 1/2-1/2

[Event "KP MKSS 23/24, Ostrava-Opava"]
[Site ""]
[Date "2024.04.14"]
[Round "11.2"]
[White "Olsar, Robin"]
[Black "Samu, Pavel"]
[Result "1-0"]
[WhiteFideId "322628"]
[BlackFideId "330981"]
[WhiteElo "2006"]
[BlackElo "1912"]
[PlyCount "0"]
[WhiteTeam "Slezan Opava A"]
[BlackTeam "TJ Ostrava B"]
[EventDate "2023.10.22"]

1. e4 g6 2. d4 Bg7 3. c4 c5 4. d5 d6 5. Be2 Nf6 6. Nc3 O-O 7. Nf3 e6 8. O-O
exd5 9. exd5 Re8 10. Bd3 Bg4 11. h3 Bxf3 12. Qxf3 Nbd7 13. Qd1 Nh5 14. Be2 Qh4
15. Nb5 Re7 16. Bxh5 gxh5 17. Nxd6 Qf6 18. Nb5 Qg6 19. Be3 Bxb2 20. Rb1 Be5 21.
Rb3 Kh8 22. f4 Rg8 23. Qf3 Bb8 24. d6 Bxd6 25. f5 Qf6 26. Nxd6 Qxd6 27. Rxb7
Rg3 28. Bf4 Qd4+ 29. Qf2 Qxf2+ 30. Kxf2 Rd3 31. Rxa7 f6 32. Bh6 Re8 33. Re1 Rd8
1-0

[Event "KP MKSS 23/24, Ostrava-Opava"]
[Site ""]
[Date "2024.04.14"]
[Round "11.3"]
[White "Chrostek, Lukas"]
[Black "Pavelek, Karel"]
[Result "1/2-1/2"]
[WhiteFideId "334553"]
[BlackFideId "314285"]
[WhiteElo "1925"]
[BlackElo "2036"]
[PlyCount "0"]
[WhiteTeam "TJ Ostrava B"]
[BlackTeam "Slezan Opava A"]
[EventDate "2023.10.22"]

1. c4 c5 2. Nc3 Nf6 3. e4 Nc6 4. Nf3 d6 5. d3 e6 6. g3 Be7 7. Bg2 O-O 8. O-O e5
9. h3 a6 10. Rb1 Rb8 11. a4 Bd7 12. Bg5 Ne8 13. Bxe7 Qxe7 14. Nd5 Qd8 15. b4
cxb4 16. Nxb4 Nxb4 17. Rxb4 Qa5 18. Qb3 Bc6 19. Nh4 g6 20. Kh2 Nc7 21. f4 Qc5
22. Qb2 a5 23. Rb3 Na6 24. f5 g5 25. Nf3 f6 26. Rc1 Nb4 27. Ra3 Rfe8 28. Qd2 h6
29. Ng1 Kg7 30. Ne2 Nc2 31. Ra2 Nd4 32. Nxd4 Qxd4 33. Qxa5 Rec8 34. Qd2 Ra8 35.
Qd1 Ra6 36. Rb1 Rb6 37. Rxb6 Qxb6 38. a5 Qa7 39. Qb3 Ra8 40. Qb4 Qc5 41. Qxc5
dxc5 42. Bf3 Kf8 43. h4 Kg7 44. hxg5 hxg5 45. Kg1 Bd7 1/2-1/2

[Event "KP MKSS 23/24, Ostrava-Opava"]
[Site ""]
[Date "2024.04.14"]
[Round "11.4"]
[White "Zalesky, Karel"]
[Black "Tylecek, Drahomir"]
[Result "1-0"]
[WhiteFideId "316717"]
[BlackFideId "322636"]
[WhiteElo "2000"]
[BlackElo "1900"]
[PlyCount "0"]
[WhiteTeam "Slezan Opava A"]
[BlackTeam "TJ Ostrava B"]
[EventDate "2023.10.22"]

1. e4 e5 2. Nf3 Nc6 3. Bb5 f5 4. exf5 e4 5. Bxc6 dxc6 6. Ne5 Nf6 7. d4 exd3 8.
O-O Bxf5 9. cxd3 Be7 10. Nc3 Bg6 11. Re1 O-O 12. Nxg6 hxg6 13. Qb3+ Rf7 14.
Qxb7 Bd6 15. g3 Rb8 16. Qxc6 Rb6 17. Qg2 Bc5 18. Na4 Bb4 19. Rd1 Rd6 20. a3 Ng4
21. Bf4 Rxd3 22. Rxd3 Qxd3 23. axb4 g5 24. Nc5 Qd4 25. Ne6 Qxb2 26. Qa8+ Kh7
27. Nxg5+ Kg6 28. Qe4+ Rf5 29. Ra6+ 1-0

[Event "KP MKSS 23/24, Ostrava-Opava"]
[Site ""]
[Date "2024.04.14"]
[Round "11.5"]
[White "Repak, Jan"]
[Black "Rambousek, Jan"]
[Result "0-1"]
[WhiteFideId "358371"]
[BlackFideId "319287"]
[WhiteElo "1851"]
[BlackElo "1946"]
[PlyCount "0"]
[WhiteTeam "TJ Ostrava B"]
[BlackTeam "Slezan Opava A"]
[EventDate "2023.10.22"]

1. Nf3 Nf6 2. d4 g6 3. c4 Bg7 4. g3 O-O 5. Bg2 d6 6. O-O c6 7. Nc3 Nbd7 8. b3
Re8 9. Bb2 e5 10. Qc2 exd4 11. Nxd4 Qc7 12. Rad1 a6 13. e4 Nc5 14. b4 Ne6 15.
Nb3 Ng4 16. Ba3 Ne5 17. Qe2 b5 18. Na5 Nd8 19. Rc1 Qb6 20. Kh1 Be6 21. cxb5
axb5 22. Rfd1 Nc4 23. Nb1 Nxa5 24. bxa5 Qxa5 25. Bxd6 Bc4 26. Qe3 Ne6 27. e5
Bd5 28. Bxd5 cxd5 29. Rxd5 Qxa2 30. Rxb5 Rac8 31. Rxc8 Rxc8 32. Kg1 h6 33. Qb3
Rc1+ 34. Kg2 Qe2 35. Rb8+ Kh7 36. Qe3 Qf1+ 37. Kf3 Ng5+ 38. Kg4 Qh3+ 0-1

[Event "KP MKSS 23/24, Ostrava-Opava"]
[Site ""]
[Date "2024.04.14"]
[Round "11.6"]
[White "Raiman, Tom"]
[Black "Kristl, Simon"]
[Result "1/2-1/2"]
[WhiteFideId "376949"]
[BlackFideId "23735147"]
[WhiteElo "1933"]
[BlackElo "1704"]
[PlyCount "0"]
[WhiteTeam "Slezan Opava A"]
[BlackTeam "TJ Ostrava B"]
[EventDate "2023.10.22"]

1. e4 c5 2. Nf3 Nf6 3. e5 Nd5 4. c3 Nc6 5. d4 cxd4 6. cxd4 d6 7. exd6 Qxd6 8.
Nc3 g6 9. Bc4 Nb6 10. Bb3 Bg7 11. Ne4 Qc7 12. O-O O-O 13. d5 Na5 14. d6 exd6
15. Qxd6 1/2-1/2

[Event "KP MKSS 23/24, Ostrava-Opava"]
[Site ""]
[Date "2024.04.14"]
[Round "11.7"]
[White "Peterek, Zbynek"]
[Black "Klapuch, Dominik"]
[Result "0-1"]
[WhiteFideId "23708557"]
[BlackFideId "23712937"]
[WhiteElo "1720"]
[BlackElo "1827"]
[PlyCount "0"]
[WhiteTeam "TJ Ostrava B"]
[BlackTeam "Slezan Opava A"]
[EventDate "2023.10.22"]

1. e4 c5 2. Nc3 Nc6 3. f4 g6 4. Bb5 Bg7 5. Bxc6 bxc6 6. b3 d5 7. e5 Nh6 8. Bb2
Rb8 9. Ba3 c4 10. d4 Qa5 11. Bb2 Nf5 12. Qd2 h5 13. Nge2 f6 14. Na4 Qxd2+ 15.
Kxd2 fxe5 16. dxe5 O-O 17. g3 Rd8 18. Nd4 Bd7 19. Nxf5 Bxf5 20. Bd4 a6 21. Nc5
a5 22. Na6 Ra8 23. Nc7 Rac8 24. Na6 e6 25. Bb6 Rd7 26. Nc5 Rf7 27. Bxa5 Bf8 28.
Na4 h4 29. Bb6 Be4 30. Rhg1 hxg3 31. Rxg3 Bh6 32. Rh3 Bxf4+ 33. Be3 Bxe5 34.
Rg1 d4 35. Bg5 Rf2+ 36. Ke1 Rxc2 37. Nc5 Bf5 38. Rh6 Rxh2 39. Rxh2 Bxh2 40. Rg2
Bd6 41. Nd7 c3 42. Nf6+ Kf7 43. Rg1 Rh8 44. a4 Rh2 45. a5 Bd3 46. Ng4 Re2+ 47.
Kd1 c2+ 48. Kc1 Ba3# 0-1

[Event "KP MKSS 23/24, Ostrava-Opava"]
[Site ""]
[Date "2024.04.14"]
[Round "11.8"]
[White "Rell, Martin"]
[Black "Kucera, Simon"]
[Result "1/2-1/2"]
[WhiteFideId "385425"]
[BlackFideId "23761792"]
[WhiteElo "1906"]
[BlackElo "1741"]
[PlyCount "0"]
[WhiteTeam "Slezan Opava A"]
[BlackTeam "TJ Ostrava B"]
[EventDate "2023.10.22"]

1. c4 Nf6 2. g3 e6 3. Bg2 d5 4. cxd5 exd5 5. Nf3 Be7 6. O-O O-O 7. d4 Bg4 8.
Nc3 c6 9. Qb3 Qc8 10. Bg5 b6 11. Rac1 Kh8 12. Bxf6 Bxf6 13. Nxd5 Be6 14. Ne5
Bxe5 15. dxe5 Qd7 16. Qa3 Na6 17. Qxa6 cxd5 18. Rfd1 Rac8 19. Qd3 Rfd8 20. Qd2
h6 21. Rxc8 Qxc8 22. a3 Qc7 23. f4 Qc5+ 24. Qd4 Kh7 25. Qxc5 bxc5 26. Rc1 c4
27. e3 f5 28. exf6 gxf6 29. Rc2 Bf5 30. Rd2 Bd3 31. Bf1 Bxf1 32. Kxf1 f5 33.
Ke2 h5 34. Kf3 Kg6 35. h3 Kf6 36. g4 hxg4+ 37. hxg4 fxg4+ 38. Kxg4 Rg8+ 39. Kf3
Ke6 40. e4 dxe4+ 41. Kxe4 Rc8 42. Rh2 c3 43. bxc3 Rc4+ 44. Kd3 Rxf4 45. Rh6+
Kd5 46. Ra6 Rf3+ 47. Kc2 Rf7 48. Ra4 Kc5 49. Kb3 Rb7+ 50. Rb4 Rf7 51. Rb8 Rf6
52. a4 Rb6+ 53. Rxb6 axb6 54. c4 Kc6 55. Kb4 Kc7 56. Kb5 Kb7 57. a5 bxa5 58.
Kxa5 Kc6 59. Kb4 Kb6 60. c5+ 1/2-1/2

[Event "KP MKSS 23/24, DB-Poruba D"]
[Site ""]
[Date "2024.04.14"]
[Round "11.1"]
[White "Rakus, Pavel"]
[Black "Kudla, Richard"]
[Result "1/2-1/2"]
[WhiteFideId "321931"]
[BlackFideId "330701"]
[WhiteElo "2168"]
[BlackElo "2027"]
[PlyCount "0"]
[WhiteTeam "SK TJ Dolni Benesov"]
[BlackTeam "SK Slavoj Poruba D"]
[EventDate "2023.10.22"]

1. Nf3 Nf6 2. g3 e6 3. Bg2 d5 4. d4 b5 5. O-O c5 6. dxc5 Bxc5 7. a4 b4 8. c4
bxc3 9. Nxc3 O-O 10. Bg5 Nbd7 11. e4 Ba6 12. Re1 Qb6 13. Qd2 Ng4 14. Nd1 f6 15.
Bf4 Bb4 16. Nc3 Bc5 17. Nd1 Bb4 18. Nc3 Bc5 1/2-1/2

[Event "KP MKSS 23/24, DB-Poruba D"]
[Site ""]
[Date "2024.04.14"]
[Round "11.2"]
[White "Kufa, Pavel"]
[Black "Matejka, Pavel"]
[Result "1-0"]
[WhiteFideId "310069"]
[BlackFideId "315095"]
[WhiteElo "2068"]
[BlackElo "2211"]
[PlyCount "0"]
[WhiteTeam "SK Slavoj Poruba D"]
[BlackTeam "SK TJ Dolni Benesov"]
[EventDate "2023.10.22"]

1. e4 e5 2. d4 exd4 3. c3 dxc3 4. Nxc3 Nc6 5. Nf3 d6 6. Bc4 Be6 7. Bxe6 fxe6 8.
Qb3 Qd7 9. Qxb7 Rb8 10. Qa6 Be7 11. O-O Nf6 12. b3 O-O 13. Rd1 Kh8 14. Bg5 Rb6
15. Qe2 Ng4 16. Na4 Rbb8 17. Nc5 Qc8 18. Bxe7 Nxe7 19. Ng5 dxc5 20. Qxg4 Rb6
21. Nxh7 e5 22. Qxc8 Rxc8 23. Ng5 Kg8 24. Nf3 Rd6 25. Nxe5 Rcd8 26. Rxd6 cxd6
27. Nc4 d5 28. exd5 Rxd5 29. Kf1 Nc6 30. Rc1 Nb4 31. a3 Nc6 32. Ne3 Rh5 33. h3
Nd4 34. b4 cxb4 35. axb4 Rb5 36. Rc4 Nb3 37. Ke2 a5 38. bxa5 Rxa5 39. Rc7 Nd4+
40. Kd3 Ne6 41. Rc8+ Kh7 42. g3 Ra3+ 43. Ke2 Nd4+ 44. Kf1 Nf3 45. Rf8 Ra1+ 46.
Kg2 Ne1+ 47. Kh2 Ra2 48. g4 Nd3 49. Kg3 Nc5 50. h4 Ne4+ 51. Kg2 Re2 52. Nf1 Nf6
53. g5 Nd7 54. Rd8 Nc5 55. Ng3 Re7 56. h5 g6 57. hxg6+ Kxg6 58. f4 Ne6 59. Rd6
Kf7 60. Kf3 Ke8 61. Kg4 Nd8 62. f5 Re5 63. g6 Ke7 64. g7 1-0

[Event "KP MKSS 23/24, DB-Poruba D"]
[Site ""]
[Date "2024.04.14"]
[Round "11.3"]
[White "Kucera, Tomas"]
[Black "Hanak, Tomas"]
[Result "1/2-1/2"]
[WhiteFideId "395390"]
[BlackFideId "358070"]
[WhiteElo "2005"]
[BlackElo "1972"]
[PlyCount "0"]
[WhiteTeam "SK TJ Dolni Benesov"]
[BlackTeam "SK Slavoj Poruba D"]
[EventDate "2023.10.22"]

1. c4 e6 2. g3 d5 3. Bg2 Nf6 4. Nf3 Be7 5. O-O O-O 6. b3 d4 7. Bb2 c5 8. e3 Nc6
9. exd4 cxd4 10. d3 e5 11. Nbd2 h6 12. a3 a5 13. Qc2 Bf5 14. Rae1 Qc7 15. Re2
Rfe8 16. Ne4 Nxe4 17. dxe4 Be6 18. Ne1 a4 19. b4 Na7 20. c5 Bb3 21. Qd2 b6 22.
Nd3 bxc5 23. bxc5 Nc6 24. f4 f6 25. Rc1 Reb8 26. Rf2 Ra5 27. Nb4 Rbb5 28. Bf1
1/2-1/2

[Event "KP MKSS 23/24, DB-Poruba D"]
[Site ""]
[Date "2024.04.14"]
[Round "11.4"]
[White "Vicha, Martin"]
[Black "Tillmann, Stanislav"]
[Result "0-1"]
[WhiteFideId "327360"]
[BlackFideId "23714247"]
[WhiteElo "1940"]
[BlackElo "2110"]
[PlyCount "0"]
[WhiteTeam "SK Slavoj Poruba D"]
[BlackTeam "SK TJ Dolni Benesov"]
[EventDate "2023.10.22"]

1. e4 d5 2. exd5 Nf6 3. Nf3 Nxd5 4. g3 g6 5. Bg2 Bg7 6. O-O O-O 7. d4 c6 8. Na3
Nd7 9. c3 e5 10. dxe5 Nxe5 11. Nxe5 Bxe5 12. Nc4 Bg7 13. Ne3 Nb6 14. Qc2 Be6
15. Bd2 Qc7 16. Rad1 a5 17. b3 a4 18. c4 Qe5 19. Rfe1 Qb2 20. Qxb2 Bxb2 21. Rb1
Bd4 22. Nc2 Bf6 23. Be3 Bf5 24. Rec1 axb3 25. Rxb3 Nxc4 26. Nd4 Nxe3 27. fxe3
Bc8 28. a3 Re8 29. Ne2 Ra7 30. Nd4 Rxe3 31. Rb4 Rexa3 32. Nb5 Ra1 33. Nxa7
Rxc1+ 34. Kf2 Be6 35. Bf3 Ra1 36. Nxc6 bxc6 37. Bxc6 Ra2+ 38. Kg1 Be7 39. Rb5
Rc2 40. Be4 Rd2 41. Bf3 Bf6 42. h4 Bd4+ 43. Kh1 Rd3 44. Kg2 Bh3+ 45. Kxh3 Rxf3
46. Kg4 Rc3 47. h5 Kg7 0-1

[Event "KP MKSS 23/24, DB-Poruba D"]
[Site ""]
[Date "2024.04.14"]
[Round "11.5"]
[White "Snyta, Zdenek"]
[Black "Jarolim, Jan"]
[Result "1/2-1/2"]
[WhiteFideId "315834"]
[BlackFideId "344451"]
[WhiteElo "1977"]
[BlackElo "1946"]
[PlyCount "0"]
[WhiteTeam "SK TJ Dolni Benesov"]
[BlackTeam "SK Slavoj Poruba D"]
[EventDate "2023.10.22"]

1. e4 e5 2. Nc3 Nf6 3. f4 d5 4. fxe5 Nxe4 5. d3 Nxc3 6. bxc3 Be7 7. Nf3 O-O 8.
Be2 f6 9. O-O Bg4 10. exf6 Bxf6 11. Nd4 Bxe2 12. Qxe2 Bxd4+ 13. cxd4 Rxf1+ 14.
Qxf1 Nc6 15. c3 Qh4 16. Ba3 Re8 17. g3 Qg4 18. Re1 Rxe1 19. Qxe1 Qd7 1/2-1/2

[Event "KP MKSS 23/24, DB-Poruba D"]
[Site ""]
[Date "2024.04.14"]
[Round "11.6"]
[White "Kudla, Martin"]
[Black "Pavera, Vit"]
[Result "1-0"]
[WhiteFideId "337105193"]
[BlackFideId "349623"]
[WhiteElo "1815"]
[BlackElo "1995"]
[PlyCount "0"]
[WhiteTeam "SK Slavoj Poruba D"]
[BlackTeam "SK TJ Dolni Benesov"]
[EventDate "2023.10.22"]

1. e4 c5 2. Nf3 g6 3. c3 Bg7 4. d4 cxd4 5. cxd4 d5 6. exd5 Nf6 7. Bb5+ Bd7 8.
Bc4 b5 9. Bb3 O-O 10. O-O Bf5 11. Re1 Nbd7 12. Qe2 Nb6 13. Qxb5 Nfxd5 14. Nc3
a6 15. Qe2 Bg4 16. h3 Be6 17. Bg5 Re8 18. Qd2 Rc8 19. Rac1 Qd7 20. Nxd5 Nxd5
21. Rxc8 Rxc8 22. Qa5 Qc6 23. Rc1 1-0

[Event "KP MKSS 23/24, DB-Poruba D"]
[Site ""]
[Date "2024.04.14"]
[Round "11.7"]
[White "Dvorakova, Olga"]
[Black "Gajda, Rostislav"]
[Result "1-0"]
[WhiteFideId "383325"]
[BlackFideId "394793"]
[WhiteElo "1965"]
[BlackElo "1777"]
[PlyCount "0"]
[WhiteTeam "SK TJ Dolni Benesov"]
[BlackTeam "SK Slavoj Poruba D"]
[EventDate "2023.10.22"]

1. d4 g6 2. c4 d6 3. Nc3 Bg7 4. e4 Nf6 5. Nf3 c5 6. d5 O-O 7. Be2 Nbd7 8. Bg5
Ng4 9. Nd2 Ngf6 10. O-O h6 11. Be3 a6 12. Nb3 g5 13. f4 Nh7 14. Qd2 f6 15. Kh1
Qc7 16. Rae1 g4 17. Bxg4 Ne5 18. fxe5 Bxg4 19. exd6 exd6 20. Bxh6 Rae8 21. Qf4
Qd7 22. Re3 Re5 23. Rg3 f5 24. Bxg7 Qxg7 25. h3 fxe4 26. Qc1 Rh5 27. Rxf8+ Qxf8
28. Rxg4+ Kh8 29. Nxe4 Qf5 30. Qc3+ 1-0

[Event "KP MKSS 23/24, DB-Poruba D"]
[Site ""]
[Date "2024.04.14"]
[Round "11.8"]
[White "Chalupa, Dominik"]
[Black "Kocur, Valter"]
[Result "0-1"]
[WhiteFideId "23762446"]
[BlackFideId "314200"]
[WhiteElo "1570"]
[BlackElo "1902"]
[PlyCount "0"]
[WhiteTeam "SK Slavoj Poruba D"]
[BlackTeam "SK TJ Dolni Benesov"]
[EventDate "2023.10.22"]

1. d4 d5 2. c4 dxc4 3. e4 e5 4. Nf3 exd4 5. Qxd4 Qxd4 6. Nxd4 Bb4+ 7. Bd2 Bxd2+
8. Nxd2 c3 9. bxc3 Nf6 10. Bd3 O-O 11. O-O b6 12. e5 Nd5 13. Be4 c6 14. Nxc6
Nxc6 15. Bxd5 Bb7 16. Rad1 Rfe8 17. Rfe1 Na5 18. Bxb7 Nxb7 19. f4 Kf8 20. Ne4
Rad8 21. Rd4 Re7 22. Red1 Ke8 23. Rxd8+ Nxd8 24. Nd6+ Kf8 25. Nc8 Re8 26. Nxa7
Ne6 27. g3 Nc5 28. Rd6 Ra8 29. Nc6 Ne4 30. Rd3 Rc8 31. Nb4 Nxc3 32. Rd6 b5 33.
Kf2 Ne4+ 34. Ke3 Nxd6 35. exd6 Ke8 36. Kd4 Rc4+ 0-1

[Event "KP MKSS 23/24, BSS-Havirov"]
[Site ""]
[Date "2024.04.14"]
[Round "11.1"]
[White "Holeksa, Zdenek"]
[Black "Sobek, Jaroslav"]
[Result "1-0"]
[WhiteFideId "316261"]
[BlackFideId "301388"]
[WhiteElo "2255"]
[BlackElo "2199"]
[PlyCount "0"]
[WhiteTeam "BSS Frydek-Mistek D"]
[BlackTeam "TJ Banik Havirov"]
[EventDate "2023.10.22"]

1. e4 c5 2. Nf3 d6 3. d4 cxd4 4. Nxd4 Nf6 5. Nc3 a6 6. Bc4 e6 7. Bb3 b5 8. O-O
b4 9. Na4 Bd7 10. Be3 Nc6 11. f4 Rb8 12. f5 e5 13. Ne6 fxe6 14. fxe6 Bc8 15.
Rxf6 Qxf6 16. Qd5 Nd8 17. Nb6 Bxe6 18. Ba4+ Kf7 19. Qd2 Kg8 20. Rf1 Qe7 21.
Nd5 Qb7 22. Bb3 Qd7 23. Qf2 Nf7 24. Qh4 Rb5 25. Rf3 Bxd5 26. Bxd5 Rxd5 27.
exd5 Be7 28. Qxb4 h6 29. Qe4 Bg5 30. Bf2 Bf6 31. Qg6 Kf8 32. c4 Qc7 33. c5
dxc5 34. Rc3 c4 35. b3 Nd6 36. bxc4 Qa5 37. Qc2 Kf7 38. c5 Nb5 39. Rb3 Rd8 40.
d6 Kg8 41. Rf3 Nxd6 42. cxd6 Rxd6 43. h4 Qd8 44. Rc3 Qe8 45. Rc8 Rd8 46. Qc4+
Kh8 47. Rxd8 Qxd8 48. Qxa6 e4 49. Qe2 Qa5 50. h5 Bg5 51. Bd4 Qd5 52. Qb2 Kh7
53. a4 e3 54. Qb1+ Kg8 55. Qb8+ Kf7 56. Qe5 Qxe5 57. Bxe5 Bh4 58. Kf1 Bd8 59.
Bd4 g6 60. hxg6+ Kxg6 61. Ke2 Kf5 62. Bxe3 h5 63. Kf3 Ke5 64. Bd2 Kd5 65. Kf4
Kc4 66. Kf5 Kd3 67. Bg5 Ba5 68. Kg6 Kc4 69. Kxh5 Kb3 70. Kg6 Kxa4 71. Kf5 Kb5
72. g4 Kc4 73. Bf6 Bd2 74. Be5 Kd5 75. Bf4 Ba5 76. g5 Bc3 77. g6 Bg7 78. Bg5
Kd6 79. Bf6 Bh6 80. Bb2 Ke7 81. Ba3+ Ke8 82. Kf6 Bf8 83. Bc1 Bb4 84. Kg7 Bc3+
85. Kg8 Ke7 86. Bh6 Kf6 87. Kh7 Kf5 88. Bg7 Bb4 89. Bb2 Bf8 90. Ba3 1-0

[Event "KP MKSS 23/24, BSS-Havirov"]
[Site ""]
[Date "2024.04.14"]
[Round "11.2"]
[White "Lys, Josef"]
[Black "Trojan, Matyas"]
[Result "0-1"]
[WhiteFideId "302244"]
[BlackFideId "23710764"]
[WhiteElo "2124"]
[BlackElo "1971"]
[PlyCount "0"]
[WhiteTeam "TJ Banik Havirov"]
[BlackTeam "BSS Frydek-Mistek D"]
[EventDate "2023.10.22"]

1. d4 d5 2. c4 e6 3. Nc3 Nf6 4. Nf3 a6 5. cxd5 exd5 6. Bg5 c6 7. e3 Bf5 8. Bd3
Bxd3 9. Qxd3 h6 10. Bh4 Nbd7 11. O-O Be7 12. Nd2 O-O 13. f3 Re8 14. Rae1 Rc8
15. Nb3 Nb6 16. Nc5 Bxc5 17. dxc5 Nc4 18. b3 Nxe3 19. Bxf6 Qxf6 20. Rxe3 Rxe3
21. Qxe3 d4 22. Ne4 dxe3 23. Nxf6+ gxf6 24. Re1 Re8 25. Kf1 Kg7 26. Ke2 a5 27.
Rc1 f5 28. Rc4 Re5 29. f4 Rd5 30. Kxe3 Kg6 31. h3 Kh5 32. g3 Kg6 33. a3 Rd1
34. Ra4 Rb1 35. b4 Rb3+ 36. Kd4 axb4 37. axb4 Rxg3 38. Ra7 Rf3 39. Ke5 Rd3 0-1

[Event "KP MKSS 23/24, BSS-Havirov"]
[Site ""]
[Date "2024.04.14"]
[Round "11.3"]
[White "Weissmann, Lukas"]
[Black "Bulava, Petr"]
[Result "1/2-1/2"]
[WhiteFideId "315087"]
[BlackFideId "316644"]
[WhiteElo "2104"]
[BlackElo "2070"]
[PlyCount "0"]
[WhiteTeam "BSS Frydek-Mistek D"]
[BlackTeam "TJ Banik Havirov"]
[EventDate "2023.10.22"]

1. e4 c5 2. Nf3 g6 3. d4 cxd4 4. Qxd4 Nf6 5. Nc3 Nc6 6. Qa4 Bg7 7. e5 Ng8 8.
Bf4 Nh6 9. h3 O-O 10. O-O-O Qa5 11. Qxa5 Nxa5 12. Nd5 Nc6 13. Bb5 Kh8 14. g4
Ng8 15. Rhe1 a6 16. Nb6 Rb8 17. Ba4 Rd8 18. Ng5 Nh6 19. e6 d6 20. c3 fxe6 21.
Nxe6 Bxe6 22. Rxe6 Nf7 23. Bxc6 bxc6 24. Rxe7 Ne5 25. Bxe5 Bxe5 26. Nc4 Bf4+
27. Kc2 Rf8 28. Nxd6 Bxd6 29. Rxd6 Rxf2+ 30. Kd3 Rf3+ 31. Ke4 Rf1 32. Rdd7
Re1+ 33. Kf4 Rxe7 34. Rxe7 Rxb2 35. Rc7 Rxa2 36. Kg5 Kg8 37. Rxc6 Rh2 38. Rc8+
Kf7 39. Rc7+ Kg8 40. h4 Rg2 41. Ra7 h6+ 42. Kxh6 Rxg4 43. Rxa6 Kf7 1/2-1/2

[Event "KP MKSS 23/24, BSS-Havirov"]
[Site ""]
[Date "2024.04.14"]
[Round "11.4"]
[White "Tomecek, Jan"]
[Black "Bjolek, Jan"]
[Result "1-0"]
[WhiteFideId "309885"]
[BlackFideId "23725800"]
[WhiteElo "2037"]
[BlackElo "1923"]
[PlyCount "0"]
[WhiteTeam "TJ Banik Havirov"]
[BlackTeam "BSS Frydek-Mistek D"]
[EventDate "2023.10.22"]

1. d4 d5 2. Nf3 Nf6 3. g3 Bf5 4. Bg2 e6 5. O-O Bd6 6. c4 c6 7. Nc3 h6 8. Nd2
O-O 9. e4 Nxe4 10. Ndxe4 dxe4 11. Nxe4 Be7 12. Be3 Nd7 13. Qe2 Nf6 14. Nxf6+
Bxf6 15. Rfd1 Qe7 16. Rd2 Rfd8 17. Rad1 Rd7 18. d5 cxd5 19. cxd5 Rad8 20. Bxa7
exd5 21. Qxe7 Rxe7 22. Bxd5 b5 23. Be3 Red7 24. Bc6 Rxd2 25. Rxd2 Rxd2 26.
Bxd2 Bxb2 27. Bxb5 Ba3 28. Bc4 Kf8 29. Bc3 f6 30. f3 Ke7 31. Kf2 Kd6 32. Bd4
Be6 33. Bxe6 Kxe6 34. Ke3 g6 35. Kd3 f5 36. Kc4 g5 37. g4 h5 38. gxh5 Kf7 39.
h3 Kg8 40. h6 Kh7 41. Bg7 Kg6 42. Kb3 1-0

[Event "KP MKSS 23/24, BSS-Havirov"]
[Site ""]
[Date "2024.04.14"]
[Round "11.5"]
[White "Dudova, Pavlina"]
[Black "Zimniok, Lubomir"]
[Result "0-1"]
[WhiteFideId "394629"]
[BlackFideId "307343"]
[WhiteElo "1822"]
[BlackElo "2060"]
[PlyCount "0"]
[WhiteTeam "BSS Frydek-Mistek D"]
[BlackTeam "TJ Banik Havirov"]
[EventDate "2023.10.22"]

1. e4 d5 2. exd5 Nf6 3. d4 Nxd5 4. c4 Nf6 5. b3 c5 6. d5 e6 7. Nc3 exd5 8.
Nxd5 Nxd5 9. Qxd5 Qxd5 10. cxd5 Bd6 11. g3 Be5 12. Bb5+ Kd8 13. Rb1 Bf5 14.
Rb2 Bc3+ 15. Kd1 Bxb2 16. Bxb2 f6 17. f3 a6 18. Be2 Nd7 19. g4 Bg6 20. Nh3 Re8
21. Nf4 Bf7 22. Bd3 g5 23. Ne6+ Bxe6 24. dxe6 Rxe6 25. Bxh7 Kc7 26. Bf5 Rd6+
27. Kc2 Rh8 28. Bc3 Ne5 29. Be4 Re8 30. h3 Nc6 31. h4 gxh4 32. Rxh4 Re7 33.
Rh6 Nd4+ 34. Kb2 f5 35. Rxd6 Kxd6 36. gxf5 Rf7 37. Bxd4 cxd4 38. Kc2 Ke5 39.
Kd3 Rd7 40. a3 b6 41. a4 a5 42. Kc4 Rd6 0-1

[Event "KP MKSS 23/24, BSS-Havirov"]
[Site ""]
[Date "2024.04.14"]
[Round "11.6"]
[White "Podlesny, Pavel"]
[Black "Vanicek, Michal"]
[Result "1-0"]
[WhiteFideId "308676"]
[BlackFideId "338850"]
[WhiteElo "2062"]
[BlackElo "1882"]
[PlyCount "0"]
[WhiteTeam "TJ Banik Havirov"]
[BlackTeam "BSS Frydek-Mistek D"]
[EventDate "2023.10.22"]

1. d4 Nf6 2. c4 e6 3. Nc3 d5 4. Bf4 a6 5. e3 Nbd7 6. Nf3 Be7 7. c5 O-O 8. Bd3
c6 9. h3 b6 10. b4 Re8 11. O-O g6 12. a4 a5 13. b5 Bb7 14. bxc6 Bxc6 15. cxb6
Nxb6 16. Ne5 Bb7 17. Bb5 Nfd7 18. Rc1 Rc8 19. Qb3 f6 20. Nxd7 Nxd7 21. e4 Bb4
22. exd5 Rxc3 23. Rxc3 Bxd5 24. Qc2 Bxc3 25. Qxc3 Re7 26. Bc7 Qa8 27. f3 e5
28. Qxa5 exd4 29. Qxa8+ Bxa8 30. Bd6 Rg7 31. Rd1 Ne5 32. Rxd4 h5 33. Bxe5 fxe5
34. Rd8+ 1-0

[Event "KP MKSS 23/24, BSS-Havirov"]
[Site ""]
[Date "2024.04.14"]
[Round "11.7"]
[White "Sigut, Ondrej"]
[Black "Hurta, Jiri"]
[Result "1-0"]
[WhiteFideId "23712813"]
[BlackFideId "380369"]
[WhiteElo "1855"]
[BlackElo "1881"]
[PlyCount "0"]
[WhiteTeam "BSS Frydek-Mistek D"]
[BlackTeam "TJ Banik Havirov"]
[EventDate "2023.10.22"]

1. e4 Nf6 2. e5 Ng8 3. Nf3 d5 4. exd6 cxd6 5. d4 g6 6. Bc4 Bg7 7. Ng5 e6 8.
O-O Nf6 9. Re1 O-O 10. c3 Nc6 11. Bf4 Nh5 12. Be3 e5 13. dxe5 Nxe5 14. Be2 Nf6
15. Nf3 Be6 16. Na3 a6 17. Nd4 Nd5 18. Bd2 Qh4 19. g3 Qf6 20. f4 Nc6 21. Nac2
Qd8 22. Nxe6 fxe6 23. Bg4 Qb6+ 24. Kg2 Nc7 25. Rb1 e5 26. Be3 Qa5 27. Qxd6
Rad8 28. Qa3 Qd5+ 29. Bf3 e4 30. Be2 Kh8 31. Rbd1 Qf5 32. Qb3 b5 33. Rxd8 Rxd8
34. Bb6 Rd7 35. Ne3 Qf6 36. Bxc7 Rxc7 37. Nd5 Qd6 38. Nxc7 Qxc7 39. Qd5 e3 40.
Bf3 Ne7 41. Qa8+ 1-0